| 000 | 00870cam a22002655a 4500 | ||
|---|---|---|---|
| 008 | 110420r20122009ii a frb 00010 eeng d | ||
| 020 | _a8123917236 | ||
| 020 | _a9788123917238 | ||
| 040 |
_aEG-ScBUE _beng _cEG-ScBUE _dEG-ScBUE |
||
| 082 | 0 | 4 |
_222 _a620.1064 _bASA |
| 100 | 1 |
_923206 _aAsawa, G. L. |
|
| 245 |
_a Fluid flow in pipes and channels / _cG. L. Asawa |
||
| 250 | _aReprint ed. | ||
| 260 |
_aNew Delhi : _bCBS Publishers & Distributors, _c2012. |
||
| 300 |
_axii, 507 p. : _bill. ; _c22 cm. |
||
| 500 | _aReprinted of 2009 ed. | ||
| 500 | _aIndex : p. 509-511. | ||
| 504 | _aIncludes bibliographical references. | ||
| 650 | 7 |
_917829 _aPumping machinery. _2BUEsh |
|
| 650 | 7 |
_923207 _aPipe _xFluid dynamics. _2BUEsh |
|
| 650 | 7 |
_923208 _aPipelines _xHydrodynamics. _2BUEsh |
|
| 651 | _2BUEsh | ||
| 653 |
_bENGGEN _cApril2011 _cDecember2016 |
||
| 942 |
_2ddc _cBB |
||
| 999 |
_c15145 _d15145 |
||